Career, aptitude and selection tests; match your IQ, personality and abilities to your ideal career, 2e (Record no. 327554)
[ view plain ]
| 000 -LEADER | |
|---|---|
| fixed length control field | 00387 a2200133 4500 |
| 001 - CONTROL NUMBER | |
| control field | 92481 |
| 082 ## - DEWEY DECIMAL CLASSIFICATION NUMBER | |
| Classification number | 153.94 BAR |
| 090 ## - LOCALLY ASSIGNED LC-TYPE CALL NUMBER (OCLC); LOCAL CALL NUMBER (RLIN) | |
| -- | 44449 |
| -- | 44450 |
| 100 ## - MAIN ENTRY--PERSONAL NAME | |
| Personal name | Barrett Jim |
| 245 ## - TITLE STATEMENT | |
| Title | Career, aptitude and selection tests; match your IQ, personality and abilities to your ideal career, 2e |
| Remainder of title | intermediate level |
| 250 ## - EDITION STATEMENT | |
| Edition statement | 2 |
| 260 ## - PUBLICATION, DISTRIBUTION, ETC. | |
| Place of publication, distribution, etc. | London |
| Name of publisher, distributor, etc. | Kogan Page |
| Date of publication, distribution, etc. | 2006 |
| 300 ## - PHYSICAL DESCRIPTION | |
| Extent | 186 p. |
| 942 ## - ADDED ENTRY ELEMENTS (KOHA) | |
| Institution code [OBSOLETE] | NUST-CAE |
| Call number prefix | 153.94 BAR |
| Withdrawn status | Lost status | Damaged status | Not for loan | Collection code | Permanent Location | Current Location | Date acquired | Total Checkouts | Full call number | Barcode | Date last seen | Price effective from | Koha item type |
|---|---|---|---|---|---|---|---|---|---|---|---|---|---|
| College of Aeronautical Engineering (CAE) | College of Aeronautical Engineering (CAE) | 04/03/2017 | 153.94 BAR | CAE88747 | 04/05/2017 | 04/05/2017 | Book |
